Normal view
MARC view
Entry Personal Name
001 - CONTROL NUMBER
- control field: 18321
003 - CONTROL NUMBER IDENTIFIER
- control field: ARRUPE
005 - DATE AND TIME OF LATEST TRANSACTION
- control field: 20150716165004.0
008 - FIXED-LENGTH DATA ELEMENTS
- fixed length control field: 150716|| aca||aabn | a|a d
040 ## - CATALOGING SOURCE
- Original cataloging agency: ARRUPE
- Transcribing agency: ARRUPE
100 ## - HEADING--PERSONAL NAME
- Personal name: Anderson, M. S.
- Fuller form of name: (Matthew Smith)
670 ## - SOURCE DATA FOUND
- Source citation: Work cat.: (ARRUPE)0: Anderson, M. S. (Matthew Smith), The ascendancy of Europe, 1815-1914 /, 1985.